000 00347nam a22001337a 4500
020 _a0-582-44283-4
082 _a531.3823 ATK'I
100 _aATKIN, R. J , FOX, N
_965130
245 _aAN INTRODUCTION TO THE THEORY OF ELASTICITY
260 _aNEWYORK
_bLONGMAN
_c1980
300 _a245P
650 _aELASTICITY MATHEMATICS
_965131
942 _cBK
999 _c573437
_d573437